Central Library OPAC University of Rajshahi

বাঙলার লোকক্রীড়া / (Record no. 52421)

MARC details
000 -LEADER
fixed length control field 01044nam a2200253 a 4500
001 - CONTROL NUMBER
control field 52421
003 - CONTROL NUMBER IDENTIFIER
rucl marc code BD-RjUL
005 - DATE AND TIME OF LATEST TRANSACTION
control field 20211209075813.0
008 - FIXED-LENGTH DATA ELEMENTS--GENERAL INFORMATION
fixed length control field 160920s2001 bg ||||| |||| 00| 0 ben d
020 ## - INTERNATIONAL STANDARD BOOK NUMBER
Terms of availability : Tk. 60.00
035 ## - SYSTEM CONTROL NUMBER
System control number (BD-RjUL)52541
040 ## - CATALOGING SOURCE
Original cataloging agency BD-RjUL
Language of cataloging ben
Transcribing agency BD-RjUL
041 ## - LANGUAGE CODE
Language code of text/sound track or separate title ben
082 ## - DEWEY DECIMAL CLASSIFICATION NUMBER
Edition number 23
Classification number 796.04
Author mark and year CHB 2001
100 1# - MAIN ENTRY--PERSONAL NAME
Personal name চক্রবর্তী, বরুণকুমার
9 (RLIN) 156827
245 10 - TITLE STATEMENT
Title বাঙলার লোকক্রীড়া /
Statement of responsibility, etc. বরুণকুমার চক্রবর্তী
260 ## - PUBLICATION, DISTRIBUTION, ETC. (IMPRINT)
Place of publication, distribution, etc. কলকাতা :
Name of publisher, distributor, etc. পুস্তক বিপনি,
Date of publication, distribution, etc. ২০০১
300 ## - PHYSICAL DESCRIPTION
Pagination ১০৮ পৃ. :
Illustrations চিত্র ;
Size ১২ সেমি.
490 ## - SERIES STATEMENT
Series statement লোকসংস্কৃতি গবেষণা গ্রন্থমালা ;
Volume/sequential designation ১১
650 ## - SUBJECT ADDED ENTRY--TOPICAL TERM
Topical term or geographic name as entry element ক্রীড়া
9 (RLIN) 124234
Topical term or geographic name as entry element Sports and games
9 (RLIN) 156828
830 ## - SERIES ADDED ENTRY--UNIFORM TITLE
Uniform title লোকসংস্কৃতি গবেষণা গ্রন্থমালা ;
Volume number/sequential designation ১১
942 ## - ADDED ENTRY ELEMENTS (KOHA)
Source of classification or shelving scheme Dewey Decimal Classification
Koha item type Books
Holdings
Lost status Source of classification or shelving scheme Damaged status Not for loan Collection code Permanent Location Current Location Shelving location Date acquired Source of acquisition Cost, normal purchase price Total Checkouts Full call number Date last seen Date checked out Copy number Koha item type
  Dewey Decimal Classification     Non-fiction Central Library, University of Rajshahi Central Library, University of Rajshahi   17/01/2008 Paragon Enterprise Lit., Dhaka 60.00 2 B 796.04 CHB 2001 13/10/2022 20/09/2022 C-2 Books
  Dewey Decimal Classification     Non-fiction Central Library, University of Rajshahi Central Library, University of Rajshahi   17/01/2008 Paragon Enterprise Lit., Dhaka 60.00   B 796.04 CHB 2001 20/09/2016   C-3 Books